00753nam a22002417a 45000010005000000030006000050050017000110080041000280200018000690400029000870500014001160820008001301000025001382450070001632600046002333000057002794900041003365050007003775200056003845210028004405210018004686500025004866933FISKH20250610152515.0250610b cb ||||| |||| 00| 0 eng d a9788120733442 aFISKHbengcFISKHdFISKH aPZ7.C4217 a156 aChesterfield, Sadie  aMeet the Robinsons: bA family for Lewis /cby Sadie Chesterfield aNew Delhi : bDisney Enterprise, c2007.  a30 unnumbered pages : bcolor illstrations ; c28 cm aI can read : vReading 2 with help.  aJ  aLewis finds a family when he travels to the future.8 a430 bLexile estimate 8 aJ bRaz-Plus  aPicture bookvDisney